Science Quiz

Random Science or Rock Quiz

2012 Official Science Olympiad Rock and Mineral List Quiz Stats

 Plays Quiz not verified by Sporcle

Challenge
Share
Tweet
Embed
Score 0/93 Timer 15:00
0 Plays Today
No hints Answer % Correct
AuGold
78.1%
IgneousGranite
75.2%
AgSilver
74.5%
C (SG=3.52)Diamond
73.7%
CaCO3Calcite
70.8%
SedimentaryShale
67.9%
KAl3Si3O10(OH)2Muscovite
67.2%
CuCopper
66.4%
MetamorphicSlate
65.7%
SchistMica
65%
SedimentarySandstone
65%
FeS2Pyrite
64.2%
NaClHalite
62.8%
Cu2(CO)3(OH)2Malachite
62%
SSulfur
61.3%
IgneousPumice
61.3%
IgneousObsidian
60.6%
MetamorphicGneiss
59.9%
SchistGarnet
59.9%
N2SiO4(F,OH)2Topaz
59.1%
MetamorphicMarble
59.1%
SiO2+nH2OOpal
58.4%
CaSO4Satin-Spar
56.9%
SG = 3.1Biotite
56.2%
SedimentaryBreccia
56.2%
PbSGalena
55.5%
Fe3O4Magnetite
55.5%
Mg3Si4O10(OH)2Talc
55.5%
Cu(CO3)2(OH)2Azurite
54.7%
CaMg(CO3)2Dolomite
54.7%
Al2O3Corundum
53.3%
No hints Answer % Correct
KAlSi3O8Feldspar
53.3%
CaSO4Selenite
53.3%
SiO2Crystal
52.6%
Ca5(PO4)3(F, Cl, OH)Apatite
51.8%
AlO(OH)3Bauxite
51.1%
Cu5FeS4Bornite
51.1%
C (SG=2.15)Graphite
51.1%
CaF2Flourite
51.1%
SiO2Amethyst
51.1%
IgneousBasalt
51.1%
SedimentaryConglomerate
51.1%
CuFeS2Chalcopyrite
49.6%
SiO2Citrine
49.6%
SiO2Rose
48.9%
Fe2O3Hematite
48.2%
SiO2Milky
48.2%
BaSO4Barite
47.4%
LimestoneChalk
46.7%
LimestoneTravertine
46.7%
Be3Al2Si6O18Beryl
46%
CaSO4Alabaster
46%
SiO2Jasper
46%
IgneousRhyolite
46%
IgneousDiorite
45.3%
MetamorphicPhyllite
44.5%
SedimentaryChert
44.5%
MnCO3Rhodonite
43.8%
NaCaB5O9 + 8H2OUlexite
43.8%
HFeO2Goethite
42.3%
SedimentaryCoquina
42.3%
LimestoneOolitic
42.3%
No hints Answer % Correct
CaCo3Aragonite
40.9%
SrSO4Celestite
40.9%
Al2Si2O5(OH)4Kaolinite
40.9%
Mg2SiO4-Fe2SiO4Olivine
40.9%
IgneousGabbro
40.9%
SedimentaryAnthracite Coal
40.9%
SedimentaryDolomite Rock
40.9%
KAlSi3O8Amazonite
40.1%
SG=3.4Epidote
40.1%
IgneousScoria
40.1%
SedimentaryArkose
39.4%
LimestoneCrystalline
39.4%
LimestoneFossiliferous
39.4%
NaAlSi3O8Albite
38.7%
SiO2Agate
38.7%
SiO2Chalcedony
38.7%
Fe2Al9Si4O22(OH)2Staurolite
38.7%
IgneousAndesite
38.7%
Fe3Al2(SiO4)3Almandine
37.2%
SG=3.32Hornblende
37.2%
SG = 3.1Tourmaline Group
37.2%
Na4Al3Si3O12ClSodalite
36.5%
ZnSSphalerite
36.5%
NaFe3Si2O6Augite
35.8%
SG = 3.0Lepidolite
35.8%
SedimentaryBituminous Coal
34.3%
MetamorphicQuarzite
33.6%
SedimentaryLignite Coal
32.1%
SedimentaryDiatomite
31.4%
IgneousPegmatite
29.2%
Ca2(Ma, Fe)5S8O12(OH)2Tremolite
19.7%

You're not logged in!

Compare scores with friends on all Sporcle quizzes.
OR
Log In

You Might Also Like...

Show Comments

Extras

Top Quizzes Today


Score Distribution

Your Account Isn't Verified!

In order to create a playlist on Sporcle, you need to verify the email address you used during registration. Go to your Sporcle Settings to finish the process.

Report this User

Report this user for behavior that violates our Community Guidelines.

Details: